• 首页
  • 本馆介绍
  • 公告通知
  • 最新文献
  • 馆藏检索
  • 电子资源
  • 读者导购
  • 参考咨询
  • 我的图书馆
  • 登录
  • 详细信息显示
  • 放入我的书架
  • 预约/预借图书
  • 作者相关作品
  • 分类相关作品
  • 丛书相关作品
  • 出版社相关作品

书目信息

  • 表格格式
  • 工作单格式
  • 卡片格式
题名:
金融审计学
    
 
作者: 吴品芝 , 张子叶 主编
分册:  
出版信息: 成都   西南财经大学出版社  2001
页数: 287页
开本: 20cm
丛书名:
单 册:
中图分类: F239.65
科图分类:
主题词: 审计学
电子资源:
ISBN: 7-81055-081-0
000 00651nam0 2200229 45
001 0412011447
005 20041201140412.8
010    @a7-81055-081-0@dCNY14.80
100    @a20041201d2001 km y0chiy0120 ea
101 0  @achi
105    @a z 000yy
200 1  @a金融审计学@AJin Rong Shen Ji Xue@f吴品芝,张子叶主编@FWu Pin Zhi,Zhang Zi Ye Zhu Bian
205    @a修订本
210    @a成都@c西南财经大学出版社@d2001
215    @a287页@d20cm
300    @a21世纪高等院校系列教材
606 0  @a审计学
690    @aF239.65@v4
701    @a吴品芝@4主编
701  0 @a张子叶@4主编
801    @aCN@bTSTCL@c20041201
905    @b336308-311@dF239.65@e133=2@f4
    
    金融审计学/吴品芝,张子叶主编.-修订本.-成都:西南财经大学出版社,2001
    287页;20cm
    21世纪高等院校系列教材
    
    ISBN 7-81055-081-0:CNY14.80
    
●
相关链接 在E读中查询图书 在五车中查询图书 在当当中查询图书 在豆瓣中查询图书


正题名:金融审计学     索取号:F239.65/133=2         预约/预借

序号 登录号 条形码 馆藏地/架位号 状态 备注
1 0336308   203363083   第一借阅区/ [索取号:F239.65/133=2] 在馆    
2 0336309   203363092   第一借阅区/ [索取号:F239.65/133=2] 在馆    
3 0336310   203363109   第一借阅区/ [索取号:F239.65/133=2] 在馆    
4 0336311   203363118   第一样本阅览室/ [索取号:F239.65/133=2] 在馆    
唐山师范学院图书馆 欢迎您!
大连网信软件有限公司© 版权所有